Turč. Sv. Martin

Zobrazenie: V bielom orámovaní pohľad na budovu Hasičského domu po ľavej strane cesty vpravo pri chodníku v popredí stojí automobil

Bibliographic Details
Format: Postcard
Language:Slovak
PhysicalDescription:1 pohľadnica čiernobiela 9 x 14 cm
Published: [Turč. Sv. Martin?] [vydavateľ neznámy] [medzi 1930 a 1939?]
Subjects:

MARC

LEADER 00000nkm a2200000 a 4500
001 vtls001332480
003 SK-MaSNL
005 20260512124117.0
007 kp bo
008 230706q1930 xo g | 0k|slo
015 |a SNBG 
035 |a SNK000285381 
035 |a urn:nbn:sk:snk-km43dad 
035 |a C0E295B9-B896-441A-99BF-07467A244B8B 
035 |a urn:nbn:sk:snk-km00efq9 
040 |a SNK  |b slo  |c SNK  |e AACR2 
041 0 |a slo 
043 |a e-xo--- 
044 |a xo  |c SK 
072 7 |a 913  |x Regionálna geografia  |2 konspekt 
080 |a 913(437.6)  |2 2011 
080 |a 779  |2 1981 
080 |a (084.121)  |2 2011 
080 |a 721  |2 2011 
245 0 0 |a Turč. Sv. Martin  |h grafika 
246 3 3 |a Turčiansky Svätý Martin 
260 |a [Turč. Sv. Martin?]  |b [vydavateľ neznámy]  |c [medzi 1930 a 1939?] 
300 |a 1 pohľadnica  |b čiernobiela  |c 9 x 14 cm 
500 |a Názvové údaje prevzaté z obrazovej časti pohľadnice 
520 8 |a Zobrazenie: V bielom orámovaní pohľad na budovu Hasičského domu po ľavej strane cesty vpravo pri chodníku v popredí stojí automobil 
650 0 7 |a budovy  |2 SNKPH  |9 1283 
651 7 |a Martin (Slovensko)  |2 SNKPHgeo  |9 16875 
655 7 |a miestne pohľadnice  |2 SNKPH  |9 70510 
852 |a Slovenská národná knižnica 
958 |a ONDV 
958 |a GBN 
958 |a GC 
999 |c 855429  |d 857359 
952 |t P60, <03>, [BOOK], {603}  |a SNK  |b SNK  |y PREZ  |7 0  |p 17A1379066  |o snkSP 148507  |i snkPV 593/98  |z Pohľadnica prešla poštou.  |0 0  |1 0  |4 0  |d 1998-05-27  |f 1  |l 0  |r 2005-01-02 00:00:00  |w 2026-02-24